书目信息 |
| 题名: |
金工实习
|
|
| 作者: | 徐鸿本 , 沈其文 主编 | |
| 分册: | ||
| 出版信息: | 武汉 华中科技大学出版社 2005.11 |
|
| 页数: | 191页 | |
| 开本: | 26cm | |
| 丛书名: | ||
| 单 册: | ||
| 中图分类: | TG-45 | |
| 科图分类: | ||
| 主题词: | 金属加工--jin shu jia gong--实习--高等学校--教材 | |
| 电子资源: | ||
| ISBN: | 7-5609-3386-6 | |
| 000 | 00920nam0 2200265 450 | |
| 001 | 012007050064 | |
| 005 | 20071204135521.82 | |
| 010 | @a7-5609-3386-6@dCNY17.50 | |
| 100 | @a20071204d2005 km y0chi0120 ea | |
| 101 | 0 | @achi |
| 102 | @aCN@b420000 | |
| 105 | @ay z 000yy | |
| 106 | @ar | |
| 200 | 1 | @a金工实习@Ajin gong shi xi@f徐鸿本, 沈其文主编@Fxu hong ben,shen qi wen zhu bian |
| 205 | @a第2版 | |
| 210 | @a武汉@c华中科技大学出版社@d2005.11 | |
| 215 | @a191页@d26cm | |
| 300 | @a21世纪高等学校教学用书 | |
| 330 | @a本书由金属材料及热处理的基础知识,铸造,锻压,焊接,切削加工的基础知识,车削加工,创、铣、磨削和钳工共八章组成,每章后附有实习内容相关的复习思考题。 | |
| 606 | 0 | @a金属加工@Ajin shu jia gong@x实习@x高等学校@j教材 |
| 690 | @aTG-45@v4 | |
| 701 | 0 | @a徐鸿本@Axu hong ben@4主编 |
| 701 | 0 | @a沈其文@Ashen qi wen@4主编 |
| 801 | 0 | @aCN@bQSSK@c20071204 |
| 905 | @b270492-94@dTG-45@eX720@f3 | |
| 金工实习/徐鸿本, 沈其文主编.-第2版.-武汉:华中科技大学出版社,2005.11 |
| 191页;26cm |
| 21世纪高等学校教学用书 |
| ISBN 7-5609-3386-6:CNY17.50 |
| 本书由金属材料及热处理的基础知识,铸造,锻压,焊接,切削加工的基础知识,车削加工,创、铣、磨削和钳工共八章组成,每章后附有实习内容相关的复习思考题。 |
| ● |
| 相关链接 |
|
|
|
正题名:金工实习
索取号:TG-45/X720
 
预约/预借
| 序号 | 登录号 | 条形码 | 馆藏地/架位号 | 状态 | 备注 |
| 1 | 270492 | 202704920 | 自科库501/501自科库 24排1列4层/ [索取号:TG-45/X720] | 在馆 | |
| 2 | 270493 | 202704939 | 期刊室512/501自科库 24排1列4层/ [索取号:TG-45/X720] | 在馆 | |
| 3 | 270494 | 202704948 | 自科二线400A/400A自科库 25排2列3层/ [索取号:TG-45/X720] | 在馆 |